| 000 | 01062nam a2200265 a 4500 | ||
|---|---|---|---|
| 001 | BRCA_3737 | ||
| 005 | 20190320204414.0 | ||
| 008 | 040507s2002 nyua---##b---#000-0#eng-d | ||
| 020 | _a18925350902 | ||
| 041 | _aeng | ||
| 044 | _anyu | ||
| 050 | 4 |
_aTR395 _b.K73 2002 |
|
| 100 | 1 |
_aKraus, Hans P. _cJr. _99722 |
|
| 245 | 1 | 0 |
_aSun Pictures _bCatalogue Eleven : St. Andrews and Early Scottish Photography Including Hill & Adamson _cHans P. Kraus ; text by Larry J. Schaaf. |
| 260 |
_aNew York _bHans P. Kraus, Jr., Inc. _cc2002 |
||
| 300 |
_a87 p. _bil. (algunas a color) _c28 cm. |
||
| 500 | _aCatálogo de la exposición realizada en la Galería Hans P. Kraus, Jr., Inc., 21 octubre - 15 noviembre, 2002 | ||
| 504 | _aIncluye referencias bibliográficas | ||
| 600 | 1 | 4 |
_aHill, David Octavius _d1802-1870 _vCatálogos _99723 |
| 600 | 1 | 4 |
_aAdamson, John _d1809-1870 _vCatálogos _99724 |
| 650 | 1 | 4 |
_aFotografía _vCatálogos _xHistoria _ySiglo XIX _zEscocia _99725 |
| 650 | 1 | 4 |
_aCalotipo _vCatálogos _99726 |
| 700 | 1 |
_aSchaaf, Larry J. _d1947- _99727 |
|
| 942 |
_2lcc _cB |
||
| 999 |
_c3466 _d3466 |
||